| 000 | 01262nam a2200265 a 4500 | ||
|---|---|---|---|
| 001 | 47147 | ||
| 003 | BD-RjUL | ||
| 005 | 20211209054251.0 | ||
| 008 | 160807s1971 ii 001 0 ben d | ||
| 020 | _c: IRs. 8.00 | ||
| 035 | _a(BD-RjUL)47266 | ||
| 040 |
_aDLC _cDLC _dDLC _d(BD-RjUL) _bben/eng |
||
| 041 | _aben | ||
| 082 | 0 | 0 |
_a891.44108 _223 _bRAK 1971 |
| 245 | 0 | 0 |
_aরক্ত তিলক / _cমৃণাল চট্রোপাধ্রায়, অমিয়ধন মুখোপাধ্যায় সম্পাদিত |
| 246 | _aবাঙলা দেশের সাহায্যার্থ বাঙলা দেশকে রক্ত তিলক | ||
| 250 | _a২য় সং. | ||
| 260 |
_aকলকাতা: _bনব নিকেতন, _c১৯৭১ (মাঘ ১৩৭৮) |
||
| 300 |
_aক-ঘ, ২০৭, [১] পৃ. ; _c২১ সেমি. |
||
| 650 |
_aবাংলা কবিতা _xসংগ্রহ _9250289 |
||
| 650 |
_aBengali Poetry _xCollections _9250290 |
||
| 700 |
_aচট্রোপাধ্রায়, মৃণাল সম্পাদক _9250291 |
||
| 700 |
_aমুখোপাধ্যায়, অমিয়ধন , যুগ্ম সম্পাদক _9250293 |
||
| 942 |
_2ddc _cRAR |
||
| 999 |
_c47147 _d47147 |
||